Sebuah Autobiografi : (Record no. 201386)

MARC details
000 -LEADER
fixed length control field 01093nam a2200301 i 4500
005 - DATE AND TIME OF LATEST TRANSACTION
control field 20251102105335.0
008 - FIXED-LENGTH DATA ELEMENTS--GENERAL INFORMATION
fixed length control field 251102s2023 my o er 000 0amay d
020 ## - INTERNATIONAL STANDARD BOOK NUMBER
International Standard Book Number 9789831314555
Terms of availability RM70.00
Qualifying information paperback
040 ## - CATALOGING SOURCE
Original cataloging agency PPAK
Language of cataloging eng
Transcribing agency PPAK
Description conventions rda
082 04 - DEWEY DECIMAL CLASSIFICATION NUMBER
Edition number 23
Classification number 297.61
090 00 - LOCALLY ASSIGNED LC-TYPE CALL NUMBER (OCLC); LOCAL CALL NUMBER (RLIN)
Classification number (OCLC) (R) ; Classification number, CALL (RLIN) (NR) 297.61
Feature heading QAR
Feature heading G
100 1# - MAIN ENTRY--PERSONAL NAME
Personal name Al-Qardawi, Yusuf,
Dates associated with a name 1926-2022
Titles and words associated with a name Syeikh,
Relator term author.
245 10 - TITLE STATEMENT
Title Sebuah Autobiografi :
Remainder of title SANG PELITA UMAT /
Statement of responsibility, etc. Syeikh Yusuf al-Qaradawi ; Editor: Sidang Redaksi DARUL FIKIR
246 33 - VARYING FORM OF TITLE
Title proper/short title Ibnul Qaryah wal Kuttab, Malamih Sirah wa Masirah
250 ## - EDITION STATEMENT
Edition statement Edisi Bahasa Melayu
264 #1 - PRODUCTION, PUBLICATION, DISTRIBUTION, MANUFACTURE, AND COPYRIGHT NOTICE
Place of production, publication, distribution, manufacture Kuala Lumpur :
Name of producer, publisher, distributor, manufacturer DARUL FIKIR,
Date of production, publication, distribution, manufacture, or copyright notice [2023?]
300 ## - PHYSICAL DESCRIPTION
Extent xxvi, 753 pages :
Other physical details colour photographs ;
Dimensions 25 cm
336 ## - CONTENT TYPE
Content type term text
Source rdacontent
337 ## - MEDIA TYPE
Media type term unmediated
Source rdamedia
338 ## - CARRIER TYPE
Carrier type term volume
Source rdacarrier
500 ## - GENERAL NOTE
General note Contains verses from the Qur'an
600 10 - SUBJECT ADDED ENTRY--PERSONAL NAME
Personal name Qaradawi, Yusuf,
Dates associated with a name 1926-2022
650 10 - SUBJECT ADDED ENTRY--TOPICAL TERM
Topical term or geographic name entry element Muslim scholars
Form subdivision Biography
Topical term or geographic name entry element Ulama
Form subdivision Biography
Topical term or geographic name entry element Islam
General subdivision Doctrines
710 2# - ADDED ENTRY--CORPORATE NAME
Corporate name or jurisdiction name as entry element Sidang Redaksi Darul Fikir,
Relator term editor.
942 ## - ADDED ENTRY ELEMENTS (KOHA)
Source of classification or shelving scheme Dewey Decimal Classification
Koha item type Book
Holdings
Withdrawn Not for loan Current library Shelving location Date acquired Total Checkouts Full call number Barcode Date last seen Koha item type
    Perpustakaan Alor Setar Pinjaman Dewasa 04/11/2025   297.61 QAR A01889895 04/11/2025 Book
    Perpustakaan Awam Sungai Petani Pinjaman Dewasa 04/11/2025   297.61 QAR A01889896 04/11/2025 Book
    Perpustakaan Jitra Pinjaman Dewasa 04/11/2025   297.61 QAR A01889897 04/11/2025 Book
    Perpustakaan Kulim Pinjaman Dewasa 04/11/2025   297.61 QAR A01889899 04/11/2025 Book
    Perpustakaan Langkawi Pinjaman Dewasa 04/11/2025   297.61 QAR A01889898 04/11/2025 Book